000 00881nam a2200205 a 4500
003 0
005 20250523153320.0
008 021128s19uu xx 00 eng d
050 _aPGS TD 884
_b.B928 2001
100 _aBuendia, Alyssa Danielle S.
245 _aAwareness of the BF Homes Phase 6 Parañaque residents on the problem regarding the effects and possible solution to air pollution /
_cAlyssa Danielle S. Buendia.
260 _aLas Piñas City, Philippines :
_bSouthville International School and Colleges,
_c2001.
300 _a29 pages :
_billustrations ;
_c28 cm.
504 _aIncludes bibliographical references.
650 _aAir pollution
_vPublic opinion.
650 _aAir pollution
_vEnvironmental aspects.
650 _aEnvironmental awareness
_zPhilippine
_zParañaque City.
650 _aEnvironmental protection
_vPublic participation.
942 _2lcc
_cPASS
999 _c96507
_d96507